[Event "Stuttgarter Stadtmeisterschaft"]
[Site "Ditzingen"]
[Date "2008.05.02"]
[Round "4.6"]
[White "Daur, Wolfgang"]
[Black "Henninger, Jakob"]
[Result "0-1"]
[WhiteElo "1696"]
[BlackElo "1730"]
[PlyCount "64"]
[EventDate "2008.05.??"]
[EventType "swiss"]
[EventRounds "7"]
[EventCountry "GER"]

1. e4 c5 2. c3 Qa5 3. Bc4 d6 4. Ne2 Nc6 5. f4 b5 6. Bb3 Nf6 7. d3 g6 8. O-O Bb7
9. Nd2 Qb6 10. Bc2 Bg7 11. h3 c4+ 12. d4 e5 13. fxe5 dxe5 14. Nf3 exd4 15.
Nexd4 O-O 16. Be3 Nxd4 17. Bxd4 Qe6 18. Ng5 Qe7 19. Qf3 Nd7 20. Qe3 Bh6 21. h4
f6 22. e5 fxe5 23. Bxa7 Qd6 24. b4 Qc6 25. Qh3 Rxf1+ 26. Rxf1 Bxg5 27. hxg5
Rxa7 28. Re1 Rxa2 29. Be4 Qb6+ 30. Kh2 Bxe4 31. Qxd7 Rxg2+ 32. Kh3 Bf5+ 0-1

[Event "Stuttgarter Stadtmeisterschaft"]
[Site "Ditzingen"]
[Date "2008.05.02"]
[Round "4.7"]
[White "Straub, Reiner"]
[Black "Tölg, Wolfgang"]
[Result "1-0"]
[WhiteElo "1638"]
[BlackElo "1721"]
[PlyCount "41"]
[EventDate "2008.05.??"]
[EventType "swiss"]
[EventRounds "7"]
[EventCountry "GER"]

1. d4 d5 2. e4 dxe4 3. Nc3 Nf6 4. f3 exf3 5. Nxf3 Bg4 6. h3 Bh5 7. g4 Bg6 8.
Bc4 e6 9. O-O a6 10. Bg5 Be7 11. Ne5 O-O 12. h4 Bxc2 13. Qd2 c5 14. d5 Nxd5 15.
Nxd5 Bxg5 16. hxg5 exd5 17. Bxd5 Nc6 18. Nxf7 Qb6 19. Nd8+ Rf7 20. Nxf7 c4+ 21.
Qf2 1-0

[Event "Stuttgarter Stadtmeisterschaft"]
[Site "Ditzingen"]
[Date "2008.05.02"]
[Round "4.8"]
[White "Philippin, Otto"]
[Black "Wendland, Viktor"]
[Result "1/2-1/2"]
[WhiteElo "1721"]
[BlackElo "1469"]
[PlyCount "75"]
[EventDate "2008.05.??"]
[EventType "swiss"]
[EventRounds "7"]
[EventCountry "GER"]

1. f4 c6 2. Nf3 Nf6 3. b3 d5 4. Bb2 e6 5. e3 c5 6. Bb5+ Nc6 7. Bxc6+ bxc6 8.
O-O Be7 9. Ne5 Qb6 10. c4 d4 11. Qf3 Bb7 12. e4 Rd8 13. d3 O-O 14. Nd2 Qc7 15.
Ng4 Ne8 16. e5 Bc8 17. Qg3 h5 18. Nf2 g6 19. Nde4 Ng7 20. Bc1 Nf5 21. Qh3 Kg7
22. Qf3 Rh8 23. g3 Rh7 24. Bd2 Rdh8 25. Rfe1 Qb6 26. Qd1 Bb7 27. Qc2 Rb8 28.
Kg2 Rf8 29. Nh3 Bc8 30. Re2 Bd7 31. Rae1 Rhh8 32. Bc1 Rb8 33. Nhg5 Rbd8 34. Kf3
Be8 35. Rg1 Rf8 36. Kg2 Bd7 37. Rge1 Be8 38. Rf2 1/2-1/2

[Event "Stuttgarter Stadtmeisterschaft"]
[Site "Ditzingen"]
[Date "2008.05.02"]
[Round "4.9"]
[White "Bulgrin, Uwe"]
[Black "Debbeler, Adrian"]
[Result "1/2-1/2"]
[WhiteElo "1840"]
[BlackElo "1649"]
[PlyCount "38"]
[EventDate "2008.05.??"]
[EventType "swiss"]
[EventRounds "7"]
[EventCountry "GER"]

1. Nf3 d5 2. d4 c6 3. e3 Bg4 4. c4 Nf6 5. Nc3 e6 6. Be2 Bd6 7. h3 Bh5 8. Nd2
Bxe2 9. Qxe2 O-O 10. f4 c5 11. O-O Nc6 12. Nb3 cxd4 13. exd4 dxc4 14. Qxc4 Rc8
15. Qd3 Nb4 16. Qe2 Nbd5 17. Bd2 Nxc3 18. bxc3 Nd5 19. Rf3 Qf6 1/2-1/2

[Event "Stuttgarter Stadtmeisterschaft"]
[Site "Ditzingen"]
[Date "2008.05.02"]
[Round "4.10"]
[White "Lautenbach, Ulrich"]
[Black "Cofman, Veaceslav"]
[Result "1/2-1/2"]
[WhiteElo "1663"]
[BlackElo "1894"]
[PlyCount "74"]
[EventDate "2008.05.??"]
[EventType "swiss"]
[EventRounds "7"]
[EventCountry "GER"]

1. b3 d5 2. Bb2 Nf6 3. e3 c6 4. Nf3 Bf5 5. d3 e6 6. Nbd2 Nbd7 7. Nh4 Bg4 8. Be2
Bxe2 9. Qxe2 Bd6 10. Nhf3 Qc7 11. e4 dxe4 12. Nxe4 Be7 13. O-O O-O 14. Neg5 Bd6
15. h3 Rfe8 16. Ne4 Nd5 17. Nxd6 Qxd6 18. Rfe1 b5 19. a4 b4 20. Ne5 N7f6 21.
Qf3 Rac8 22. Nc4 Qd7 23. Be5 Ra8 24. Bxf6 gxf6 25. Qh5 Nf4 26. Qh4 Nd5 27. Ne3
Qd6 28. Ng4 Qe7 29. Nh6+ Kh8 30. Qh5 Rf8 31. Re4 f5 32. Nxf5 Qf6 33. Nd4 c5 34.
Rh4 Qg7 35. c4 bxc3 36. Rg4 Qf6 37. Rh4 Qg7 1/2-1/2

[Event "Stuttgarter Stadtmeisterschaft"]
[Site "Ditzingen"]
[Date "2008.05.02"]
[Round "4.11"]
[White "Ilzhöfer, Karl-Heinz"]
[Black "Rühl, Volker"]
[Result "1/2-1/2"]
[WhiteElo "1646"]
[BlackElo "1886"]
[PlyCount "103"]
[EventDate "2008.05.??"]
[EventType "swiss"]
[EventRounds "7"]
[EventCountry "GER"]

1. e4 d5 2. exd5 Qxd5 3. Nc3 Qa5 4. Bc4 Nf6 5. Nf3 Bg4 6. h3 Bh5 7. Qe2 Nbd7 8.
d4 c6 9. Bd2 Qc7 10. Ne4 Nd5 11. Ng3 Bg6 12. c3 e6 13. Ne5 Nxe5 14. dxe5 h6 15.
O-O Be7 16. Kh1 O-O 17. Rad1 a5 18. f4 b5 19. Bd3 Bxd3 20. Qxd3 Rad8 21. Qe2
Rfe8 22. c4 bxc4 23. Qxc4 Qb6 24. b3 Bb4 25. Bc1 Nc3 26. Rxd8 Rxd8 27. Kh2 Nxa2
28. Bb2 Qb5 29. Ne4 a4 30. Qxb5 cxb5 31. bxa4 bxa4 32. Ra1 a3 33. Rxa2 axb2 34.
Rxb2 Rd4 35. Re2 Kf8 36. Kg3 Ke7 37. Kg4 f5+ 38. exf6+ gxf6 39. f5 exf5+ 40.
Kxf5 Rd5+ 41. Kg6 Re5 42. Kxh6 Kf7 43. g4 Re8 44. Ng5+ fxg5 45. Rxe8 Kxe8 46.
Kxg5 Kf7 47. Kh6 Kg8 48. Kg6 Be7 49. Kh6 Kh8 50. Kh5 Kg7 51. h4 Bxh4 52. Kxh4
1/2-1/2

[Event "Stuttgarter Stadtmeisterschaft"]
[Site "Ditzingen"]
[Date "2008.05.02"]
[Round "4.12"]
[White "Mack, Markus"]
[Black "Follmer, Helmuth"]
[Result "1/2-1/2"]
[WhiteElo "1599"]
[BlackElo "1807"]
[PlyCount "87"]
[EventDate "2008.05.??"]
[EventType "swiss"]
[EventRounds "7"]
[EventCountry "GER"]

1. c4 c5 2. g3 Nc6 3. Bg2 b6 4. Nc3 Bb7 5. Nf3 Nd4 6. e3 Nxf3+ 7. Bxf3 Bxf3 8.
Qxf3 e6 9. O-O Nf6 10. d4 Rb8 11. d5 d6 12. b3 e5 13. Ne4 Be7 14. Nxf6+ Bxf6
15. e4 Qd7 16. Qe2 O-O 17. Bb2 Qh3 18. f3 Bg5 19. Bc1 Bf6 20. Qg2 Qd7 21. Bb2
b5 22. cxb5 Rxb5 23. f4 Qe7 24. Qe2 Rfb8 25. Rac1 a5 26. Rc4 Rb4 27. Bc3 R4b5
28. Qf2 Ra8 29. fxe5 dxe5 30. Ra4 Qd6 31. Qe2 Qb6 32. Kg2 Re8 33. Qd2 Bd8 34.
Qe2 f6 35. Qd2 Bc7 36. Qe2 Ra8 37. Qd2 Qb7 38. Qe2 Bd8 39. Qf2 Bc7 40. Qe2 Qb8
41. Qc4 Kh8 42. Qe2 Qe8 43. Rf5 Qb8 44. Rf1 1/2-1/2

[Event "Stuttgarter Stadtmeisterschaft"]
[Site "Ditzingen"]
[Date "2008.05.02"]
[Round "4.13"]
[White "Schnorr, Christian"]
[Black "Ölke, Erhard"]
[Result "0-1"]
[WhiteElo "1585"]
[BlackElo "1741"]
[PlyCount "48"]
[EventDate "2008.05.??"]
[EventType "swiss"]
[EventRounds "7"]
[EventCountry "GER"]

1. e4 e6 2. d4 d5 3. Nc3 Bb4 4. e5 c5 5. a3 Bxc3+ 6. bxc3 c4 7. Qg4 g6 8. Bg5
Qa5 9. Qf3 h6 10. Bd2 Bd7 11. h4 Ba4 12. Qd1 Nd7 13. f4 Ne7 14. Nf3 Nf5 15. Rh3
Qd8 16. g4 Ng7 17. Qb1 Nb6 18. Qb2 h5 19. g5 Nf5 20. Kf2 Qe7 21. Rc1 Bc6 22.
Qb4 Qd7 23. Rb1 Na4 24. Be2 a5 0-1

[Event "Stuttgarter Stadtmeisterschaft"]
[Site "Ditzingen"]
[Date "2008.05.02"]
[Round "4.14"]
[White "Mainik, Philipp"]
[Black "Mueller, Nils Samuel"]
[Result "1-0"]
[WhiteElo "1437"]
[BlackElo "1738"]
[PlyCount "35"]
[EventDate "2008.05.??"]
[EventType "swiss"]
[EventRounds "7"]
[EventCountry "GER"]

1. e4 e5 2. Nf3 Nc6 3. Bb5 a6 4. Ba4 Bc5 5. Nxe5 Bxf2+ 6. Kxf2 Nxe5 7. Rf1 Qh4+
8. Kg1 Qxe4 9. d4 Qg4 10. dxe5 Qxa4 11. Qd5 f6 12. exf6 Nxf6 13. Qe5+ Kf7 14.
Nc3 Qc6 15. Nd5 d6 16. Rxf6+ gxf6 17. Qxf6+ Ke8 18. Qe7# 1-0

[Event "Stuttgarter Stadtmeisterschaft"]
[Site "Ditzingen"]
[Date "2008.05.02"]
[Round "4.15"]
[White "Weber, Norbert"]
[Black "Schreiber, Stephan"]
[Result "1/2-1/2"]
[WhiteElo "1738"]
[BlackElo "1646"]
[PlyCount "94"]
[EventDate "2008.05.??"]
[EventType "swiss"]
[EventRounds "7"]
[EventCountry "GER"]

1. d4 e5 2. d5 c6 3. dxc6 Nxc6 4. c3 d5 5. Nf3 Bg4 6. Nbd2 e4 7. Nd4 Nxd4 8.
cxd4 Qa5 9. h3 Bd7 10. e3 Bd6 11. g3 Nf6 12. Bg2 Bb5 13. Bf1 Rc8 14. Bxb5+ Qxb5
15. Qe2 Qxe2+ 16. Kxe2 Ke7 17. Rd1 Rc2 18. Kf1 Rhc8 19. Nb3 Nd7 20. Rb1 Nb6 21.
Na1 R2c6 22. b3 Bb4 23. Bb2 Bc3 24. Ba3+ Ke6 25. Nc2 Na8 26. Bc5 Nc7 27. Nb4
Bxb4 28. Bxb4 Nb5 29. a4 Nd6 30. Bd2 Rc2 31. Ke1 f5 32. Rdc1 g5 33. Rxc2 Rxc2
34. Kd1 Rc6 35. Rc1 Rxc1+ 36. Bxc1 h5 37. Ba3 Nc8 38. Bc5 a6 39. a5 g4 40. h4
Kd7 41. Kc2 Kc6 42. b4 b6 43. axb6 Nxb6 44. Bxb6 Kxb6 45. Kb3 Kb5 46. Ka3 a5
47. bxa5 Kxa5 1/2-1/2

[Event "Stuttgarter Stadtmeisterschaft"]
[Site "Ditzingen"]
[Date "2008.05.02"]
[Round "4.16"]
[White "Huynh, Nhi Lang"]
[Black "Adler, Alexander"]
[Result "1-0"]
[WhiteElo "1730"]
[BlackElo "1584"]
[PlyCount "89"]
[EventDate "2008.05.??"]
[EventType "swiss"]
[EventRounds "7"]
[EventCountry "GER"]

1. d4 Nf6 2. c4 c5 3. d5 b5 4. cxb5 a6 5. e3 axb5 6. Bxb5 Ba6 7. Bxa6 Rxa6 8.
Nc3 g6 9. Nge2 Bg7 10. O-O O-O 11. e4 d6 12. Bg5 Nbd7 13. Qd2 Re8 14. Rac1 Qb6
15. b3 Ng4 16. Kh1 c4 17. Qf4 Nge5 18. Qg3 Nd3 19. Rb1 Bxc3 20. Nxc3 Qb4 21.
Bd2 N7c5 22. bxc4 Qxc4 23. Qe3 Ra3 24. Nb5 Rxa2 25. Nc7 Rc8 26. Qh3 Rd8 27. Be3
Nxe4 28. Qf3 Nd2 29. Bxd2 Rxd2 30. Nb5 Ra8 31. Qe3 Raa2 32. Kg1 Rab2 33. Rxb2
Rxb2 34. Na3 Rb3 35. Qxe7 Rxa3 36. Qe8+ Kg7 37. Qe3 Rb3 38. h3 Qc2 39. Qe4 f6
40. Kh2 Kf7 41. Qe6+ Kg7 42. Qe7+ Kh6 43. Qxf6 Qe2 44. Qf8+ Kh5 45. g4+ 1-0

[Event "Stuttgarter Stadtmeisterschaft"]
[Site "Ditzingen"]
[Date "2008.05.02"]
[Round "4.17"]
[White "Riasanow, Nikita"]
[Black "Schestibrat, Dennis"]
[Result "1/2-1/2"]
[WhiteElo "1259"]
[BlackElo "1727"]
[PlyCount "149"]
[EventDate "2008.05.??"]
[EventType "swiss"]
[EventRounds "7"]
[EventCountry "GER"]

1. e4 c6 2. d4 d5 3. Nc3 dxe4 4. Nxe4 Bf5 5. Ng3 Bg6 6. Nf3 Nd7 7. Bd3 e6 8.
Bf4 Ngf6 9. h4 Nd5 10. Bc1 Bd6 11. h5 Bxd3 12. Qxd3 Qc7 13. Ne4 Bf4 14. Bxf4
Nxf4 15. Qf1 Qa5+ 16. c3 Qd5 17. Ng3 O-O-O 18. Rh4 e5 19. O-O-O Qxa2 20. dxe5
Ne6 21. Qc4 Qxc4 22. Rxc4 Nb6 23. Rb4 Nc5 24. Nd4 Rhe8 25. f4 Nd5 26. Rc4 Ne6
27. Nxe6 fxe6 28. Re1 Rf8 29. Ree4 Ne7 30. Ne2 Rd5 31. Nd4 Kd7 32. Rb4 b5 33.
c4 Rc5 34. Nb3 Rxc4+ 35. Rbxc4 bxc4 36. Rxc4 Nd5 37. Nc5+ Ke7 38. g3 g5 39.
hxg6 hxg6 40. Ra4 Ra8 41. Nd3 Ne3 42. Ra6 Nf5 43. Rxc6 Nxg3 44. Kd2 Rd8 45.
Rc7+ Rd7 46. Rxd7+ Kxd7 47. Ke3 Kc6 48. Kd4 a5 49. Kc4 Ne2 50. b3 Kb6 51. Nf2
Nxf4 52. Ng4 g5 53. Nf2 Ng6 54. Ng4 Kc6 55. Kd4 Kb5 56. Kc3 Kc5 57. Kd3 Kd5 58.
Ne3+ Kxe5 59. Nc4+ Kf4 60. Ke2 Kg3 61. Nxa5 Nf4+ 62. Kf1 Kh2 63. Nc4 Nd5 64.
Ne5 Kg3 65. Kg1 g4 66. Kh1 Nb4 67. Kg1 Kf4 68. Ng6+ Kg5 69. Ne5 Kf5 70. Nc4 e5
71. Kg2 Kf4 72. Kf2 e4 73. Kg2 e3 74. Nxe3 Kxe3 75. Kg3 1/2-1/2

[Event "Stuttgarter Stadtmeisterschaft"]
[Site "Ditzingen"]
[Date "2008.05.02"]
[Round "4.18"]
[White "Kaulich, Philipp Theodor"]
[Black "Zimmermann, Ulrich"]
[Result "1/2-1/2"]
[WhiteElo "1697"]
[BlackElo "1493"]
[PlyCount "75"]
[EventDate "2008.05.??"]
[EventType "swiss"]
[EventRounds "7"]
[EventCountry "GER"]

1. e4 Nf6 2. Nc3 d5 3. exd5 Nxd5 4. d4 Nxc3 5. bxc3 g6 6. Bc4 Bg7 7. Ba3 O-O 8.
Nf3 Nd7 9. O-O Nb6 10. Bb3 a5 11. Qe2 Re8 12. Rad1 Bf5 13. Nh4 e6 14. Nxf5 exf5
15. Qd3 a4 16. Bc4 Nxc4 17. Qxc4 Qd7 18. Rfe1 Rxe1+ 19. Rxe1 Re8 20. Kf1 Rxe1+
21. Kxe1 Qe6+ 22. Qe2 h5 23. Qxe6 fxe6 24. f4 Kf7 25. h4 Bf6 26. g3 Ke8 27. Ke2
b5 28. Kd3 Kd7 29. c4 c6 30. cxb5 cxb5 31. Bc5 Kc6 32. c4 Bd8 33. Bb4 Bb6 34.
Bd2 Bc7 35. Bb4 Bb6 36. Bd2 Bc7 37. Be1 Bb6 38. Bb4 1/2-1/2

[Event "Stuttgarter Stadtmeisterschaft"]
[Site "Ditzingen"]
[Date "2008.05.02"]
[Round "4.20"]
[White "Rix, Michael"]
[Black "Weisensel, Wolfgang"]
[Result "1-0"]
[WhiteElo "1820"]
[BlackElo "1485"]
[PlyCount "107"]
[EventDate "2008.05.??"]
[EventType "swiss"]
[EventRounds "7"]
[EventCountry "GER"]

1. d4 Nf6 2. Nf3 d5 3. e3 e6 4. Bd3 Bd6 5. O-O O-O 6. Nbd2 c5 7. c3 Nbd7 8. e4
cxd4 9. cxd4 dxe4 10. Nxe4 Nxe4 11. Bxe4 Nf6 12. Bg5 Be7 13. Bc2 Re8 14. Qd3 g6
15. Ne5 Nd5 16. Bxe7 Qxe7 17. a3 Bd7 18. Bb3 Nb6 19. Rac1 Rec8 20. Qf3 Be8 21.
Rfe1 Rxc1 22. Rxc1 Rc8 23. Rxc8 Nxc8 24. d5 Qg5 25. Qc3 Qd8 26. dxe6 Nd6 27.
exf7+ Bxf7 28. Nxf7 Nxf7 29. h3 Qe7 30. Qg3 Kg7 31. h4 Nd6 32. h5 Qf6 33. hxg6
hxg6 34. Bc2 g5 35. b4 a6 36. Qd3 Qh6 37. Qd4+ Kf8 38. Qb6 Qf6 39. Qe3 Qa1+ 40.
Kh2 Qf6 41. Qc5 Qe7 42. Qd4 Nf7 43. Bb3 Qd6+ 44. Qxd6+ Nxd6 45. Bd5 b6 46. Kg3
Kg7 47. f4 gxf4+ 48. Kxf4 Nb5 49. a4 Nc7 50. Ke5 Ne8 51. Ke6 Kf8 52. Bc6 Ng7+
53. Kd7 a5 54. b5 1-0

[Event "Stuttgarter Stadtmeisterschaft"]
[Site "Ditzingen"]
[Date "2008.05.02"]
[Round "4.21"]
[White "Auterhoff, Jürgen"]
[Black "Aubel, Stefan"]
[Result "1-0"]
[WhiteElo "1891"]
[BlackElo "1634"]
[PlyCount "93"]
[EventDate "2008.05.??"]
[EventType "swiss"]
[EventRounds "7"]
[EventCountry "GER"]

1. e4 c5 2. Nf3 Nc6 3. d4 cxd4 4. Nxd4 Nf6 5. Nc3 e6 6. Be2 Qb6 7. Ndb5 Bc5 8.
Nd6+ Ke7 9. Nxc8+ Raxc8 10. O-O Qa5 11. Bd2 Bb4 12. a3 Bxc3 13. Bxc3 Qc5 14.
Bf3 d6 15. Re1 Rhd8 16. Qd2 Ne5 17. Qf4 Ng6 18. Qd2 Nh4 19. Qf4 Nxf3+ 20. Qxf3
Qb6 21. Rad1 h6 22. Qd3 Ng4 23. Bd4 Qc6 24. Qg3 Ne5 25. c3 g5 26. Bxe5 dxe5 27.
Qxe5 Rxd1 28. Rxd1 Qa4 29. Qd6+ Ke8 30. b3 Qc6 31. Qxc6+ Rxc6 32. c4 Ke7 33. f3
Rd6 34. Rxd6 Kxd6 35. Kf2 Kc5 36. Ke3 e5 37. g4 a6 38. Kd3 b6 39. Kc3 Kc6 40.
b4 a5 41. Kb3 axb4 42. axb4 Kd6 43. b5 Kc7 44. Kb4 Kd6 45. c5+ bxc5+ 46. Kc4 f6
47. h3 1-0

[Event "Stuttgarter Stadtmeisterschaft"]
[Site "Ditzingen"]
[Date "2008.05.02"]
[Round "4.22"]
[White "Rieder, Josef"]
[Black "Kvetny, Mark"]
[Result "1/2-1/2"]
[WhiteElo "1872"]
[BlackElo "1606"]
[PlyCount "70"]
[EventDate "2008.05.??"]
[EventType "swiss"]
[EventRounds "7"]
[EventCountry "GER"]

1. e4 c5 2. Nf3 d6 3. d4 cxd4 4. Nxd4 Nf6 5. Nc3 a6 6. Be2 e5 7. Nf3 Be7 8. O-O
O-O 9. Bg5 Be6 10. Bxf6 Bxf6 11. Nd5 Nd7 12. c4 Rc8 13. b3 Be7 14. Nxe7+ Qxe7
15. Nd2 Nf6 16. h3 Qd7 17. Kh2 g6 18. f4 Ne8 19. fxe5 dxe5 20. Nf3 Qc7 21. Kh1
Ng7 22. Qd2 Nh5 23. Kh2 Nf4 24. g3 Nxh3 25. Kg2 Rfd8 26. Qe3 f6 27. Rh1 Ng5 28.
Nxg5 fxg5 29. Qxg5 Qg7 30. Rad1 Rxd1 31. Rxd1 Rf8 32. Rd8 Rxd8 33. Qxd8+ Kf7
34. Qc7+ Kf6 35. Qxg7+ Kxg7 1/2-1/2

[Event "Stuttgarter Stadtmeisterschaft"]
[Site "Ditzingen"]
[Date "2008.05.02"]
[Round "4.23"]
[White "Dietsche, Birgit"]
[Black "Stiller, Norbert"]
[Result "1/2-1/2"]
[WhiteElo "1610"]
[BlackElo "1239"]
[PlyCount "43"]
[EventDate "2008.05.??"]
[EventType "swiss"]
[EventRounds "7"]
[EventCountry "GER"]

1. d4 Nf6 2. Bf4 d6 3. e3 g6 4. h3 Bg7 5. Nf3 O-O 6. Nbd2 Nbd7 7. c3 c5 8. Be2
b6 9. O-O Bb7 10. Nc4 Nd5 11. Bg3 N7f6 12. Re1 Ne4 13. Bh2 e6 14. Nfd2 Qh4 15.
Nxe4 Qxe4 16. Nxd6 Nxe3 17. Nxe4 Nxd1 18. Raxd1 Bxe4 19. dxc5 bxc5 20. Bd6 Rfc8
21. Ba6 Rd8 22. Rxe4 1/2-1/2

[Event "Stuttgarter Stadtmeisterschaft"]
[Site "Ditzingen"]
[Date "2008.05.02"]
[Round "4.24"]
[White "Maisch, Julian"]
[Black "Behm, Wilfried"]
[Result "1-0"]
[WhiteElo "1574"]
[BlackElo "1860"]
[PlyCount "95"]
[EventDate "2008.05.??"]
[EventType "swiss"]
[EventRounds "7"]
[EventCountry "GER"]

1. e4 e6 2. d4 d5 3. e5 c5 4. c3 Nc6 5. Nf3 Bd7 6. Be3 Qc7 7. Nbd2 c4 8. Be2
Nge7 9. O-O Nf5 10. Qc2 Nxe3 11. fxe3 g6 12. e4 Bh6 13. Kh1 Ne7 14. g4 b5 15.
b3 Bc6 16. g5 Bg7 17. Rf2 Qb7 18. exd5 Nxd5 19. Ne4 O-O 20. Nd6 Qb6 21. bxc4
Ne3 22. Qd2 Nxc4 23. Nxc4 bxc4 24. Bxc4 Rab8 25. Kg1 Rb7 26. Bb3 Bxf3 27. Rxf3
Bxe5 28. Rf2 Rd7 29. Qe2 Bg7 30. Raf1 Qc7 31. Qe1 Qd8 32. Bxe6 fxe6 33. Qxe6+
Kh8 34. Rxf8+ Bxf8 35. Rxf8+ Qxf8 36. Qxd7 Qf4 37. Qd8+ Kg7 38. Qf6+ Qxf6 39.
gxf6+ Kxf6 40. Kf2 g5 41. c4 Ke6 42. Kf3 h5 43. Ke4 h4 44. c5 g4 45. d5+ Kd7
46. Kf4 g3 47. hxg3 h3 48. Kf3 1-0

[Event "Stuttgarter Stadtmeisterschaft"]
[Site "Ditzingen"]
[Date "2008.05.02"]
[Round "4.25"]
[White "Preiss, Wolfgang"]
[Black "Faerber, Eric"]
[Result "1/2-1/2"]
[WhiteElo "1731"]
[BlackElo "1503"]
[PlyCount "57"]
[EventDate "2008.05.??"]
[EventType "swiss"]
[EventRounds "7"]
[EventCountry "GER"]

1. d4 d5 2. c4 e6 3. Nf3 Nf6 4. Nc3 Nbd7 5. Bg5 Be7 6. Qb3 c6 7. Rc1 O-O 8. e3
b6 9. Bd3 Bb7 10. O-O dxc4 11. Qxc4 c5 12. Be2 Rc8 13. Rfd1 cxd4 14. Qxd4 Nc5
15. Qh4 Qe8 16. Ne5 h6 17. Bxh6 gxh6 18. Qxh6 Rd8 19. Bb5 Rxd1+ 20. Rxd1 Qb8
21. Qg5+ Kh8 22. Rd4 Nce4 23. Qh4+ Kg7 24. Nd7 Rh8 25. Nxb8 Rxh4 26. Nxe4 Rxe4
27. Rxe4 Bxe4 28. Nc6 Ng8 29. g4 1/2-1/2

[Event "Stuttgarter Stadtmeisterschaft"]
[Site "Ditzingen"]
[Date "2008.05.02"]
[Round "4.26"]
[White "Gheng, Hannelore"]
[Black "Meyer, Walter"]
[Result "1-0"]
[WhiteElo "1459"]
[BlackElo "1664"]
[PlyCount "79"]
[EventDate "2008.05.??"]
[EventType "swiss"]
[EventRounds "7"]
[EventCountry "GER"]

1. e4 e6 2. d4 d5 3. Nd2 Nf6 4. Bd3 c5 5. c3 Nc6 6. e5 Nd7 7. Ne2 Be7 8. O-O
O-O 9. Nf3 Qe8 10. Ng5 Bxg5 11. Bxg5 cxd4 12. cxd4 f6 13. exf6 Nxf6 14. Ng3 h6
15. Bxf6 Rxf6 16. Nh5 Rf8 17. Qg4 g5 18. f4 e5 19. f5 e4 20. Bc2 Nxd4 21. Bb3
Nxb3 22. axb3 Qe5 23. Ng3 Bd7 24. h4 Qe7 25. Qh5 Qg7 26. f6 Rxf6 27. hxg5 hxg5
28. Rxf6 Qxf6 29. Rf1 Qd4+ 30. Rf2 Be6 31. Qg6+ Kh8 32. Qxe6 e3 33. Qh6+ Kg8
34. Qxg5+ Kh8 35. Rf4 Qg7 36. Rh4+ Kg8 37. Qxd5+ Qf7 38. Rg4+ Kf8 39. Qc5+ Ke8
40. Qxe3+ 1-0

[Event "Stuttgarter Stadtmeisterschaft"]
[Site "Ditzingen"]
[Date "2008.05.02"]
[Round "4.27"]
[White "Ziegler, Michael"]
[Black "Lin, Jean-Claude"]
[Result "1-0"]
[WhiteElo "1662"]
[BlackElo "1396"]
[PlyCount "77"]
[EventDate "2008.05.??"]
[EventType "swiss"]
[EventRounds "7"]
[EventCountry "GER"]

1. e4 e5 2. Nf3 Nc6 3. d4 exd4 4. Nxd4 Bc5 5. Be3 Qf6 6. c3 a6 7. Be2 Nge7 8.
O-O d5 9. Nxc6 Qxc6 10. exd5 Qb6 11. Bxc5 Qxc5 12. Bf3 O-O 13. Nd2 Bf5 14. Re1
Rad8 15. Nb3 Qb6 16. Rxe7 Be6 17. Qd4 Qd6 18. Qc5 Qxc5 19. Nxc5 Bxd5 20. Bxd5
Rxd5 21. Nb3 Rfd8 22. Rae1 h5 23. Rxc7 Rd1 24. Rce7 R8d7 25. Nd4 Rxe7 26. Rxd1
g6 27. Kf1 Kg7 28. Re1 Rd7 29. Re3 b5 30. Ke2 Rd6 31. f4 Rb6 32. Re5 b4 33. c4
Rb8 34. Kd3 Ra8 35. c5 a5 36. c6 a4 37. c7 a3 38. b3 Kh6 39. Rc5 1-0

[Event "Stuttgarter Stadtmeisterschaft"]
[Site "Ditzingen"]
[Date "2008.05.02"]
[Round "4.28"]
[White "Cummings, Orlyn"]
[Black "Zimmermann, Tobias"]
[Result "0-1"]
[WhiteElo "1429"]
[BlackElo "1642"]
[PlyCount "84"]
[EventDate "2008.05.??"]
[EventType "swiss"]
[EventRounds "7"]
[EventCountry "GER"]

1. e4 c5 2. Nf3 d6 3. d4 cxd4 4. Nxd4 Nf6 5. Nc3 a6 6. Be2 e6 7. Bg5 Nbd7 8.
O-O Qc7 9. Kh1 b5 10. f4 Bb7 11. f5 e5 12. Ndxb5 axb5 13. Nxb5 Qb6 14. Rf3 Nxe4
15. Be3 Qxe3 16. Rxe3 Nf2+ 17. Kg1 Nxd1 18. Bxd1 O-O-O 19. Rb3 Kb8 20. Bf3 Nc5
21. Re3 e4 22. Bg4 d5 23. Nd4 Bd6 24. g3 Be5 25. Rd1 Rc8 26. Re2 Bf6 27. h4 h5
28. Bh3 Nd7 29. Nb5 Be5 30. f6 Nxf6 31. Bxc8 Bxc8 32. Kg2 Bg4 33. Rdd2 Bxe2 34.
Rxe2 Rc8 35. c3 Rc5 36. Na3 Ra5 37. Rc2 Bd6 38. Nb1 Rxa2 39. Rd2 Bc5 40. Re2 e3
41. Kf3 d4 42. cxd4 Bxd4 0-1

[Event "Stuttgarter Stadtmeisterschaft"]
[Site "Ditzingen"]
[Date "2008.05.02"]
[Round "4.29"]
[White "Hamm, Lukas"]
[Black "Zaytsev, Evgeny"]
[Result "1-0"]
[WhiteElo "1418"]
[BlackElo "1638"]
[PlyCount "103"]
[EventDate "2008.05.??"]
[EventType "swiss"]
[EventRounds "7"]
[EventCountry "GER"]

1. e4 d6 2. d4 Nf6 3. Nc3 g6 4. Nf3 Bg7 5. h3 O-O 6. Be3 b6 7. Qd2 c5 8. d5 e5
9. Bh6 Nbd7 10. Bc4 a6 11. a4 Ne8 12. Bxg7 Kxg7 13. g4 Ndf6 14. Nh2 Bd7 15. O-O
b5 16. axb5 axb5 17. Bxb5 Bxb5 18. Nxb5 Nxe4 19. Qe3 N4f6 20. c4 Rxa1 21. Rxa1
Nc7 22. Nxc7 Qxc7 23. Ra6 Rb8 24. Qa3 Ne4 25. Qe3 Nf6 26. Rc6 Qd8 27. b3 Ra8
28. Nf3 Ra1+ 29. Kg2 Ra3 30. Nxe5 Qe7 31. g5 Ne8 32. Ng4 Qxe3 33. Nxe3 Rxb3 34.
Rc8 Kf8 35. Ra8 Rb7 36. Kg3 Re7 37. Ng4 Kg7 38. Rd8 f5 39. gxf6+ Nxf6 40. Nxf6
Kxf6 41. Rxd6+ Ke5 42. Ra6 Kd4 43. Ra4 Kc3 44. Kf4 Kb3 45. Ra6 Kxc4 46. d6 Rd7
47. Ke5 Kb5 48. Ra8 Rb7 49. Ke6 Rb6 50. Ke7 Rb7+ 51. d7 c4 52. Ke8 1-0

[Event "Stuttgarter Stadtmeisterschaft"]
[Site "Ditzingen"]
[Date "2008.05.02"]
[Round "4.30"]
[White "Meinecke, Klaus-Hinrich"]
[Black "Kruck, Mathias"]
[Result "0-1"]
[WhiteElo "1869"]
[BlackElo "1583"]
[PlyCount "88"]
[EventDate "2008.05.??"]
[EventType "swiss"]
[EventRounds "7"]
[EventCountry "GER"]

1. e4 c5 2. Nf3 Nc6 3. d4 cxd4 4. Nxd4 e6 5. Nb5 d6 6. Bf4 e5 7. Be3 a6 8. N5c3
Be6 9. Qd2 Nf6 10. f3 b5 11. a3 Be7 12. Nd5 Rb8 13. Nbc3 O-O 14. Rd1 Ne8 15.
Nxe7+ Nxe7 16. Be2 Rc8 17. f4 f6 18. O-O Bc4 19. fxe5 fxe5 20. Rxf8+ Kxf8 21.
Bxc4 Rxc4 22. Qf2+ Kg8 23. Bg5 Qd7 24. Rf1 Ng6 25. Nd5 h6 26. Nb6 Qc7 27. Nxc4
Qxc4 28. Bc1 Nf6 29. Re1 Nxe4 30. Qa7 Nc5 31. Qa8+ Kh7 32. c3 Nd3 33. Rf1 Qc5+
34. Kh1 Nf2+ 35. Rxf2 Qxf2 36. h3 Qe1+ 37. Kh2 Qxc1 38. Qxa6 Qf4+ 39. Kg1 Qc1+
40. Kh2 Qxb2 41. Qxd6 Qxc3 42. Qa6 Qc4 43. Qa8 e4 44. Qe8 Qd3 0-1